000 00310nam a2200133Ia 4500
100 _aParzen/Emanuel
942 _cBK
654 _aprobability
245 _aModern probability theory and its application
260 _bJohn wiley
_aNew York
_c1960
082 _a519.2
_bCRA
300 _a464
546 _aENGLISH
999 _c35126
_d35126